000 00706cam a2200265 4500500
005 20260329005116.0
041 _afre
042 _adc
100 1 0 _aSorente, Isabelle
_eauthor
245 0 0 _aLe silence et les armes
260 _c2022.
500 _a74
690 _aArmes
690 _aArmes à feu
690 _aÉcole
690 _aÉtats-Unis
690 _aFusillade
690 _aGuerre
690 _aIsabelle Sorente
690 _aSilence
690 _aTemps
690 _aTrump
786 0 _nPhilosophie magazine | 161 | 8 | 2022-07-01 | p. 22-22 | 1951-1787
856 4 1 _uhttps://shs.cairn.info/magazine-philosophie-magazine-2022-8-page-22?lang=fr&redirect-ssocas=7080
999 _c1840365
_d1840365